Análisis microeconómico / (Registro nro. 5789)

Detalles MARC
000 -LEADER
fixed length control field 01278nam a2200277Ia 4500
003 - CONTROL NUMBER IDENTIFIER
control field OSt
005 - DATE AND TIME OF LATEST TRANSACTION
control field 20200609131033.0
008 - FIXED-LENGTH DATA ELEMENTS--GENERAL INFORMATION
fixed length control field 191128s1992 sp ad gr 000 0dspa d
020 ## - INTERNATIONAL STANDARD BOOK NUMBER
International Standard Book Number 8485855639
040 ## - CATALOGING SOURCE
Original cataloging agency CO-JMCR
Transcribing agency CO-JMCR
041 0# - LANGUAGE CODE
Language code of text/sound track or separate title spa
082 04 - DEWEY DECIMAL CLASSIFICATION NUMBER
Classification number 330.1 /
Item number V173a
Edition number 23
100 1# - MAIN ENTRY--PERSONAL NAME
Personal name Varian, Hal R.,
Relator term autor
9 (RLIN) 5227
245 10 - TITLE STATEMENT
Title Análisis microeconómico /
Statement of responsibility, etc. Hal R. Varian ; Traducción de M. Ester Rebasco, Luis Toharia
250 ## - EDITION STATEMENT
Edition statement Tercera edición
260 ## - PUBLICATION, DISTRIBUTION, ETC.
Place of publication, distribution, etc. Barcelona :
Name of publisher, distributor, etc. Antoni Bosch,
Date of publication, distribution, etc. 1992
300 ## - PHYSICAL DESCRIPTION
Extent xii, 637 páginas :
Other physical details gráficas ;
Dimensions 23 cm.
504 ## - BIBLIOGRAPHY, ETC. NOTE
Bibliography, etc. note Bibliografía: páginas 623-630.
505 ## - FORMATTED CONTENTS NOTE
Formatted contents note La tecnología -- La maximización del beneficio -- La función de beneficios -- La minimización de los costes -- funciones de los costes -- La dualidad -- La maximización de la utilidad -- La elección -- La demanda -- El excedente de los consumidores
520 ## - SUMMARY, ETC.
Summary, etc. Esta nueva edición microeconómico es una profunda revisión de uno de los textos más utilizado en la enseñanza de los cursos avanzados de microeconomía.
650 14 - SUBJECT ADDED ENTRY--TOPICAL TERM
Topical term or geographic name entry element Microeconomía
9 (RLIN) 5228
650 24 - SUBJECT ADDED ENTRY--TOPICAL TERM
Topical term or geographic name entry element Teoría económica
9 (RLIN) 5229
700 1# - ADDED ENTRY--PERSONAL NAME
Personal name Rabasco Espariz, María Esther,
Relator term traductora
9 (RLIN) 4737
700 1# - ADDED ENTRY--PERSONAL NAME
Personal name Toharia, Luís,
Relator term traductora
9 (RLIN) 4738
942 ## - ADDED ENTRY ELEMENTS (KOHA)
Source of classification or shelving scheme Dewey Decimal Classification
Koha item type Books
Existencias
Withdrawn status Lost status Source of classification or shelving scheme Materials specified (bound volume or other part) Damaged status Not for loan Home library Current library Shelving location Date acquired Source of acquisition Cost, normal purchase price Total Checkouts Full call number Barcode Date last seen Copy number Price effective from Koha item type
    Dewey Decimal Classification Donación--15/04/2018--     Biblioteca Pública José María del Castillo y Rada Biblioteca Pública José María del Castillo y Rada General Stacks 11/28/2019 Donación 0.00   330.1 / V173a 430004220 05/16/2024 Ej.1 11/28/2019 Books